Statistics for 20 Tallest Buildings in the world

Click here to take the quiz!

General Stats

  • This quiz has been taken 8 times
  • The average score is 2 of 20

Answer Stats

- Country Height (in meters) Floors Answer % Correct
1stUAE828163Burj Khalifa
100%
6thTaiwan508101TAIPEI 101
63%
2ndChina632128Shanghai Tower
38%
4thUSA541.394World Trade Center
25%
11thUSA442.1108Willis Tower
13%
15thUSA423.298Trump International Hotel & Tower
0%
16thChina420.588Jin Mao Tower
0%
18thKuwait412.680Al Hamra Tower
0%
19thChina41288International Finance Center
0%
14thUSA425.585432 Park Avenue
0%
20thUAE392.48823 Marina
0%
17thUAE413.4101Princess Tower
0%
10thChina45066Zifeng Tower
0%
5thChina530111Guangzhou CTF Finance Center
0%
3rdSaudi Arabia601120Makkah Royal Clock Tower
0%
7thChina492101Shanghai World Financial Center
0%
8thChina484108International Commerce Center
0%
12thChina441.8100KK100
0%
9thMalaysia451.988Petronas Twin Towers
0%
13thChina438.6103Guangzhou International Finance Center
0%

Score Distribution

Percentile by Number Answered

Percent of People with Each Score

Your Score History

You have not taken this quiz